| 000 | 01504nam0a22003371 4500 | ||
|---|---|---|---|
| 001 | rc\2517665 | ||
| 005 | 20250403153755.0 | ||
| 021 |
_aRU _b78-11436 |
||
| 035 | _a(NLR Aleph) 006720974 | ||
| 090 |
_a5443022 _c5443022 |
||
| 100 | _a20110830g19771978|||y0rusy50 ca | ||
| 101 | 0 | _arus | |
| 102 | _aRU | ||
| 105 | _ay a ||||| | ||
| 200 | 1 |
_aXXV съезд КПСС и совершенствование библиотечно-библиографического обслуживания читателей в Сибири и на Дальнем Востоке _e[Сборник статей] _fРед .коллегия: ... Н.С. Карташов, канд пед. наук (гл. ред.) [и др.] |
|
| 210 |
_aНовосибирск _cБ. и. _d1977 (обл.: 1978) |
||
| 215 |
_a171 с. _d21 |
||
| 225 | 1 |
_aАН СССР. Сибирское отделение. Государственная публичная научно-техническая библиотека. Сборник научных трудов _vВып. 38 |
|
| 320 | _aБиблиогр. в конце статей | ||
| 686 |
_aЧ733(2Р5)7б91 _2rubbk |
||
| 702 | 1 |
_aКарташов _bН. С. _f1928-2011 _gНиколай Семенович _4340 |
|
| 801 | 0 |
_aRU _bNLR _gpsbo |
|
| 801 | 1 |
_aRU _bELAR _2rusmarc |
|
| 852 |
_aNLR _jБ П382 |
||
| 899 |
_aRuMoRGB _j801-86/11341-5 |
||
| 899 |
_aRuMoRGB _jXXIV 288/11 |
||
| 899 |
_aRuMoRGB _jXXIV 265/1 |
||
| 899 |
_aRuMoRGB _jКБ |
||
| 942 | _cBOOK | ||
| 980 | _aNB | ||